000
00314 a2200145 4500
001
167345
020
_a
040
_c
Magnum
100
_a
Brikman, Lola
240
1
0
_a
A linguagem do movimento corporal
_l
por
245
1
0
_a
A linguagem do movimento corporal
362
0
_a
1899
697
_a
ARTES
942
_c
BK
999
_c
167345
_d
167345